000 00749nam a2200265 a 4500
001 45683
003 BD-RjUL
005 20211209054043.0
008 160727s1977 ii a b 000 0 eng d
020 _cRs 13.50
035 _a(BD-RjUL)45801
040 _aFNP
_cFNP
_dMYG
_dBD-RjUL
_beng
041 _aeng
082 _223
_a338.9001
_bSET 1977
090 _aHD82
_b.S47 1969
099 _aHD82.S47 1969
100 1 0 _aSeth, M. L.
_q(Manohar Lal)
_9139800
245 1 0 _aTheory & practice of economic planning /
_cby M. L. Seth.
250 _a6th ed.
260 _aNew Delhi :
_bS. Chand,
_c1977.
300 _axvi, 732 p. :
_bill. ;
_c22 cm.
650 0 _aEconomic policy.
_9139801
651 0 _aIndia
_xEconomic policy.
_9139802
942 _2ddc
_cBK
999 _c45683
_d45683